000 00477nam a2200157 a 4500
001 000017114
005 20240305073653.0
008 100317s1944 dr 000 0 spa d
040 _aDO-SdBNP
082 _axxx
_bR696v
100 1 _aRodríguez Demorizi, Emilio,
_d1908-1986
_91039
245 1 0 _aVicisitudes de la lengua española en Santo Domingo /
_cEmilio Rodríguez Demorizi.
260 _aCiudad Trujillo :
_bMontalvo,
_c1944.
300 _a25 p. ;
_c26 cm.
049 _aBNPD
999 _c16640
_d16640